Jeux Super Mario par image - Statistiques

Statistiques générales
  • Ce quiz a été pris 303 fois
  • Le résultat moyen est 9 sur 12
Statistiques - réponses
Par images Réponse % Correct
Super Mario Galaxy
93%
Super Mario Bros.
91%
Super Mario 64
88%
New Super Mario Bros. Wii
85%
Super Mario Odyssey
85%
Super Mario Sunshine
83%
Super Mario Bros. Wonder
75%
Super Mario 3D World
73%
Super Mario Bros. 3
71%
Super Mario Bros. 2 (USA)
66%
Super Mario World
58%
Bowser's Fury
49%
Aucun quiz correspondant
Distribution des résultats
% des personnes avec chaque résultat
Percentile par nombre de réponses
Votre historique - résultats
Vous n’avez pas pris ce quiz